Countries of South America ( excluding territories ) - Statistics

General Stats
  • This quiz has been taken 13 times
  • The average score is 11 of 12
Answers on the Map
Answers color-coded by a green-red scale on the quiz's map according to % correct below.
 
Answer Stats
Answer % Correct
Argentina
100%
Brazil
100%
Chile
100%
Peru
100%
Uruguay
100%
Venezuela
100%
Bolivia
92%
Columbia
92%
Ecuador
92%
Paraguay
92%
Suriname
85%
Guyana
77%
No matching quizzes found
Score Distribution
Percent of People with Each Score
Percentile by Number Answered
Your Score History
You have not taken this quiz